1095 1478 1743 1466 1765 1645 1216 1850 1147 1157 1311 1581 1389 1529 1672 1765 1154 1121 1697 1046 1378 1215 1073 1219 1931 1258 1802 1555 1054 1024 1166 1494 1032 1219 1202 1190 1958 1174 1470 1252 1770 1644 1349 1762 1283 1130 1576 1771 1239 1336 1255 1020 1933 1244 1589 1805 1005 1929 1647 1760 1476 1378 1514 1660 1138 1194 1523 1606 1410 1858 1346 1357 1110 1707 1977 1686 1357 1505 1212 1624 1160 1744 1033 1137 1200 1442 1658 1899 1085 1525 1072 1515 1274 1300 1184 1838 1743 1026 1932 BCNSPRNW ULIB Ver.6.0+V

เปลี่ยนเป็นภาษาไทย

Change to English
 แสดงรายละเอียดบรรณานุกรม
  กลับหน้าหลัก

Brief Record : Get Marc (ISO 2709) : E-mail record : QR code < ปิดหน้าต่าง
LEADER : 00000nam 2200000uu 4500
001    13399111686
003     ULIB
008    110705s2007||||th 000 0 eng d
020    9780443103186
060  4 WQ^bD611 2007
245 00 Disability in pregnancy and childbirth /^cedited by StellaMcKay-Moffat
260    Edinburgh :^bLivingstone,^cc2007
300    xiv, 219 p. :^bill
650  2 Pregnancy complications
650  2 Delivery, Obstetric
650  2 Midwifery^xmethods
650  2 Pregnancy
700 1  McKay-Moffat, Stella,^eed
945    ^p1910^l0^i027739
949    Kesorn
999 ^a ใช้งานได้ทุกระบบ
รายการนี้ยังไม่มีแท็ก
คุณยังไม่ได้ล็อกอิน คุณสามารถมีกิจกรรมร่วมกับเว็บไซต์ได้ แต่ต้องล็อกอินก่อน ::
  ล็อกอิน

รายการสื่อสารสนเทศ

ลำดับที่ ประเภท เลขเรียก/บาร์โค้ด สถานที่ สถานะ
- ไม่พบข้อมูล -

รายการใกล้เคียง
    หัวเรื่อง [Pregnancy complications]
    หัวเรื่อง [Delivery, Obstetric]
    หัวเรื่อง [Pregnancy]

BibComment


ยังไม่เคยถูกคอมเมนท์

คอมเมนท์ทรัพยากรรายการนี้
  คอมเมนท์: Disability in pre..


 Copyright 2026. Bcnsprnw @Library